| 000 | 00513nam a22001697a 4500 | ||
|---|---|---|---|
| 005 | 20250513145606.0 | ||
| 008 | 211206b ||||| |||| 00| 0 hin d | ||
| 040 | _aNISER LIBRARY | ||
| 041 | _aOdia | ||
| 082 |
_a82-3=214.36 _bDAS-O |
||
| 100 | _aDash, Suryanarayan | ||
| 245 | _aଓଡ଼ିଆ ସାହିତ୍ୟର ଇତିହାସ ଭଲ୍ୟୁମ୍-୨ / Odia sahityara itihasa vol II | ||
| 260 |
_aCuttack: _bGranthamandir, _c2017 |
||
| 300 | _a560p. | ||
| 650 | _aOdia Literature | ||
| 942 | _cOC | ||
| 999 |
_c32177 _d32177 |
||